000 00731cam a22002413a 4500
001 18908
003 PGUSA
005 20140828083412.0
008 060725s2006||||xxu|||||s|||||000 p eng d
040 _aPGUSA
_beng
042 _adc
050 4 _aPN
245 1 0 _aChristmas :
_bIts Origin, Celebration and Significance as Related in Prose and Verse
_h[electronic resource]
260 _bProject Gutenberg,
_c2006
506 _aPublic domain in the USA.
516 _aElectronic text
653 _aChristmas -- Literary collections
653 _aChristmas -- Poetry
700 1 _aSchauffler, Robert Haven,
_d1879-1964
830 0 _aProject Gutenberg
_v18908
856 4 0 _uhttp://www.gutenberg.org/ebooks/18908
942 _cEB
999 _c248163
_d248163